[Event "EU-ch 6th"]
[Site "Warsaw"]
[Date "2005.06.18"]
[Round "1"]
[White "Michalczak, Thomas"]
[Black "Wojtaszek, Radoslaw"]
[Result "1-0"]
[WhiteElo "2369"]
[BlackElo "2569"]
[Annotator "Rogozenco,D"]
[PlyCount "65"]
[EventDate "2005.06.18"]
[EventType "swiss"]
[EventRounds "13"]
[EventCountry "POL"]
[SourceTitle "CBM 108"]
[Source "ChessBase"]
[SourceDate "2005.09.26"]
[SourceVersion "1"]
[SourceVersionDate "2005.09.26"]
[SourceQuality "1"]

1. e4 c5 2. c3 Nf6 3. e5 Nd5 4. Nf3 e6 5. d4 cxd4 6. cxd4 d6 7. Bc4 Nb6 8. Bb3
dxe5 9. Nxe5 Nc6 10. Nf3 Be7 11. Nc3 O-O 12. O-O Nb4 (12... Bf6 13. Be3 Nd5 $14
) 13. Re1 $146 (13. Qe2 Bd7 14. Bf4 Bc6 15. Rad1 a5 $5 16. Ne5 Bd5 17. Nxd5
N6xd5 18. Bd2 a4 19. Bc4 a3 20. Rb1 Qd6 21. Rfc1 Nc6 $11 {1/2-1/2 Kiselev,G 
(2442)-Rychagov,A (2512)/Vladimir 2004 (46)}) (13. Ne5 Bd7 14. a3 N4d5 15. Nxd5
Nxd5 16. Bxd5 exd5 17. Qb3 Bc8 $14 {/= 0-1 Guido,F (2315)-Korneev,O (2565)/
Verona 2004 (88)}) 13... Bd7 14. a3 N4d5 15. Nxd5 exd5 $6 ({After} 15... Nxd5
16. Qd3 Bc6 {the chances are equal}) 16. Ne5 $14 Be6 17. Bc2 Qc8 $6 {Too
sofisticated. The plan to trade light-squared bishops won't work out in the
game.} (17... Rc8 18. Qd3 g6 {and White is only marginally better. For
instance nothing brings} 19. Qe2 (19. Bh6 $2 Bf5 $19) 19... Re8 20. Bh6 Bg5 21.
Bxg5 Qxg5 $11) 18. Qd3 g6 19. Qe2 $1 Re8 (19... Bf5 20. Bxf5 Qxf5 21. Ng4 (21.
Nxg6 $2 fxg6 {[%csl Rf2][%cal Gf5f2]}) 21... Bg5 22. Nh6+ Bxh6 23. Bxh6 Rfc8
24. Qe7 $16) 20. Bh6 Bf5 $2 21. Rac1 Bxc2 22. Rxc2 Qf5 23. Rc7 Bd6 24. Rxb7 Qc8
{[%tqu "En","How should White continue?","White has at his disposal a forced
winning variation.","The idea is to use dark-squared weaknesses around Black's
king.","e2f3","",10,"b7f7","",0,"e2a6","",0]} 25. Qf3 $3 {[%cal Gf3f6]} (25.
Rxf7 $2 Bxe5 26. Qf3 Bxd4 27. Rxe8+ (27. Ree7 Rxe7 28. Rxe7 Qf5 $19) 27... Qxe8
28. Rf8+ Qxf8 29. Bxf8 Rxf8 $19) (25. Qa6 $2 Re7 26. Rxb6 axb6 27. Qxb6 Qe6 $17
{[%cal Ga8b8,Gf7f6]}) 25... Qxb7 {Black has no choice - everything is forced} (
{After} 25... Qf5 26. Qxf5 gxf5 27. Re3 {White is completely winning in
endgame: he's got extra material and attack.}) 26. Qf6 Bf8 27. Bxf8 Rxf8 28.
Ng4 h5 29. Nh6+ Kh7 {[%tqu "En","How to continue the attack?","","","h6f5","",
7]} 30. Nf5 $1 {[%cal Gf6g7]} gxf5 (30... Rg8 31. Re7 Qxe7 32. Nxe7 Rgf8 33. f4
$18) 31. Qxf5+ Kh6 (31... Kg7 32. Qg5+ Kh7 33. Qxh5+ Kg7 34. Qg5+ Kh7 35. Re3
$18) 32. Qf6+ Kh7 33. Re5 1-0

[Event "EU-ch 8th"]
[Site "Dresden"]
[Date "2007.04.06"]
[Round "4"]
[White "Godena, Michele"]
[Black "Ris, Robert"]
[Result "1/2-1/2"]
[WhiteElo "2558"]
[BlackElo "2411"]
[Annotator "Rogozenco,D"]
[PlyCount "78"]
[EventDate "2007.04.03"]
[EventType "swiss"]
[EventRounds "11"]
[EventCountry "GER"]
[SourceTitle "CBM 118"]
[Source "ChessBase"]
[SourceDate "2007.05.31"]
[SourceVersion "1"]
[SourceVersionDate "2007.05.31"]
[SourceQuality "1"]

1. e4 c5 2. c3 Nf6 3. e5 Nd5 4. Nf3 Nc6 5. d4 cxd4 6. cxd4 d6 7. Bc4 Nb6 8. Bb5
dxe5 9. Nxe5 Bd7 10. Nxd7 Qxd7 11. Nc3 Rd8 12. O-O e6 13. Be3 Be7 14. Qg4 O-O
15. Rad1 g6 {Karjakin's prophylactic move passes another test. White can't
make a real use of the weaknesses created by the advance of the g-pawn.} 16. d5
$146 {A principled continuation, important for the assessment of 15...g6.} (16.
Rfe1 a6 17. Bd3 Bf6 18. Be4 Nxd4 19. Bxb7 Qxb7 20. Bxd4 Bxd4 21. Rxd4 {1/2-1/2
Tiviakov,S (2667)-Karjakin,S (2678)/Wijk aan Zee 2007}) 16... Nxd5 (16... exd5
$2 {loses a pawn:} 17. Qxd7 Rxd7 18. Bxb6 axb6 19. Nxd5 $16 {The pawn falls
due to the threat Nf6+}) 17. Bxa7 Qc7 18. Nxd5 exd5 19. Be3 Bf6 {This position
was mentioned in CBM 117, where I evaluated it as equal after 20.Rd2 d4 21.Bh6
Rfe8.} 20. b3 d4 21. Bh6 Rfe8 22. a4 {Thanks to his bishop pair White has some
edge, but it is rather insignificant. The passed pawn on the d-file and the
active pieces secure Black more or less equal chances.} Qd6 23. h3 Re6 24. Qf3
(24. Bc4 $2 Ne5 $132) 24... Rde8 (24... Qe7 $11 {[%cal Gf6g5]}) 25. Rc1 Bg7 26.
Bf4 Be5 $5 {Black sacrifices a pawn in order to simplify the position. This
will be enough to achieve a draw.} ({White keeps some pressure after} 26... Qd7
27. Rfd1 {Now} Be5 {is no longer a good option in view of} 28. Bxe5 Rxe5 29.
Bxc6 bxc6 30. Qxc6 Re1+ 31. Rxe1 Rxe1+ 32. Kh2 $16 {and in all resulting
endgames Black has a tough struggle to survive.}) 27. Bxc6 bxc6 28. Bxe5 Qxe5
29. Rxc6 Rxc6 30. Qxc6 d3 31. Rd1 Rd8 {The far advanced passed d-pawn provides
enough compensation. White can't properly advance the queenside pawns, since
his pieces are limited in the action they can take.} 32. Qc1 Qe6 33. Qc7 (33.
Qc3 d2 34. Qe3 (34. Kf1 Qa6+ 35. Qc4 Qa5 {and White achieves nothing, since
coming out with the king is always dangerous. Here it even loses:} 36. Ke2 $2
Qe5+ 37. Kf1 Re8 $19) 34... Qd5 35. b4 (35. Kf1 Qa5 $11) (35. h4 h5 36. g3 Qa5
37. Kh2 Qb4 $11) 35... Qc4 36. b5 Qxa4 37. Rxd2 Rxd2 38. Qxd2 Qxb5 $11) 33...
Rc8 34. Qb7 Rc3 35. Qb8+ Kg7 36. Qf4 (36. b4 $2 d2 $19) 36... Rxb3 37. Qd4+ Qf6
38. Rxd3 Rxd3 39. Qxd3 Qa1+ 1/2-1/2

[Event "EU-ch 4th"]
[Site "Istanbul"]
[Date "2003.06.11"]
[Round "11"]
[White "Vajda, Levente"]
[Black "Solak, Dragan"]
[Result "0-1"]
[WhiteElo "2592"]
[BlackElo "2514"]
[Annotator "Rogozenco,D"]
[PlyCount "154"]
[EventDate "2003.05.30"]
[EventType "swiss"]
[EventRounds "13"]
[EventCountry "TUR"]
[SourceTitle "CBM 096"]
[Source "ChessBase"]
[SourceDate "2003.09.25"]
[SourceVersion "1"]
[SourceVersionDate "2003.09.25"]
[SourceQuality "1"]

1. e4 c5 2. c3 Nf6 3. e5 Nd5 4. d4 cxd4 5. Nf3 e6 6. cxd4 d6 7. Bc4 Nb6 8. Bd3
(8. Bb3 Nc6 $13 (8... dxe5 9. Nxe5 $14)) 8... Nc6 9. a3 {This typical move is
too slow here, since it allows Black to develop quickly a pressure on e5.} (9.
O-O Nb4 {The natural way to exploit the fact that White didn't play a3.
However, after the precise retreat} (9... dxe5 10. dxe5 Nb4 11. Be4 $14) 10.
Be2 {Black still didn't fully solve all opening problems.}) (9. exd6 $5 {
This is a good continuation for those who like to play IQP type.}) 9... dxe5 $1
10. dxe5 Nd7 $1 11. Bb5 (11. Bf4 Nc5 12. Bc2 Qxd1+ 13. Kxd1 a5 14. Nc3 Be7 $11
{This equal endgame seems to be White's best option after 9.a3.}) 11... Qc7 12.
O-O $146 {A new attempt. White sacrifices a pawn for quick development.} (12.
Bf4 a6 13. Bxc6 Qxc6 $11 {White's lead in development is fully compensated by
Black's two bishops. Black plans Be7, b5, Bb7, 0-0. White must organize some
initiative, with Nc3 and Rc1, trying to exploit the slightly exposed position
of Black's queen. In any case it is rather White who must play creative in
order to keep the balance.}) 12... Ndxe5 {Of course Black should take the
central pawn. White's initiative will be enough only for equality in the best
case.} 13. Nxe5 Qxe5 14. Nc3 Be7 15. Qf3 O-O 16. Bf4 (16. Bxc6 bxc6 17. Qxc6
Rb8 $17) 16... Qc5 (16... Qf5 $5 17. Bd3 $140 Ne5 18. Bxe5 Qxe5 19. Rfe1 Qf6 {
with idea after either 20.Qh3 or 20.Qe4 to answer 20...Qh4.}) 17. b4 Qb6 18.
Qg3 e5 19. Be3 (19. Bxe5 $2 Nxe5 20. Qxe5 Bf6 $19) (19. Bh6 Bf6 20. Nd5 Qd8 21.
Bxc6 bxc6 22. Nxf6+ Qxf6 23. Bd2 $5 $44 {[%cal Gd2c3,Gf1e1] /=}) 19... Nd4 20.
Qxe5 Bf6 21. Qf4 {[%mdl 64]} Qxb5 {A nice-looking move, but Black had a much
stronger continuation.} (21... Nxb5 $1 {This gives Black a big advantage after
the forced} 22. Bxb6 Nxc3 {[%cal Gc3e2]} 23. Rfe1 axb6 $17 {/ -+. Three pieces
are clearly stronger than the queen.}) 22. Bxd4 (22. Nxb5 $2 Ne2+) 22... Qc4
23. Rad1 Be6 24. Qe3 Bxd4 25. Rxd4 Qb3 26. Nb5 (26. Nd1 Rfd8 $15) 26... Qxe3
27. fxe3 $15 {/=} Rfc8 28. Nd6 (28. Rfd1 Kf8 $15 {/=}) 28... Rc7 29. e4 Kf8 30.
Rfd1 Ke7 31. R1d2 g6 32. Kf2 f6 33. a4 {The wrong plan - it only weakens
queenside pawns. White should have played for a draw rather than trying any
active plan.} (33. Ke3 $142 Rc3+ 34. R4d3) 33... b6 34. Nb5 Rd7 35. Ke3 Rxd4
36. Nxd4 Rc8 37. a5 Bd7 38. axb6 $2 {The previous wrong plan of advancing the
a-pawn wouldn't have brought White big problems without the opening of the
a-file, which is a real mistake.} (38. Rc2 Rxc2 39. Nxc2 bxa5 40. bxa5 Kd6 41.
Kd4 $11) 38... axb6 39. Rc2 Ra8 $1 40. Kd3 Kd6 41. Nf3 Ra3+ 42. Rc3 Ra4 43. Rb3
Ra2 $17 44. Nd2 Bb5+ 45. Ke3 g5 {A typical case of the classical rule that a
rook and bishop are better than the rook and knight. Black has better pieces
and better pawn structure.} 46. g3 h5 47. Nf3 Re2+ 48. Kd4 g4 49. Nh4 Rd2+ 50.
Ke3 Re2+ 51. Kf4 Rf2+ 52. Ke3 Rxh2 $19 53. Rc3 Re2+ 54. Kf4 Rf2+ 55. Ke3 Re2+
56. Kf4 Rf2+ {Several checks in order to win time - an important thing when
playing with FIDE time control with 30 sec. increment per move.} 57. Ke3 Rb2
58. Rc8 Rxb4 59. Rd8+ Ke6 60. Rc8 Kd6 61. Rf8 Ke6 62. Rc8 Bd7 63. Rc1 Rb3+ 64.
Kf4 b5 65. Ra1 Rc3 66. Rf1 b4 67. Nf5 Rf3+ 68. Rxf3 gxf3 69. Nd4+ (69. Kxf3 Ke5
$19) 69... Kd6 70. Nxf3 Be6 71. e5+ fxe5+ 72. Nxe5 Kd5 73. Nd3 Kc4 74. Ke3 Kc3
75. Nf4 b3 76. Ne2+ Kc2 77. Nd4+ Kd1 0-1

[Event "ISR-ch"]
[Site "Ramat Aviv/Modiin"]
[Date "2000.12.28"]
[Round "11"]
[White "Roiz, Michael"]
[Black "Sutovsky, Emil"]
[Result "1/2-1/2"]
[WhiteElo "2440"]
[BlackElo "2609"]
[Annotator "Rogozenco,D"]
[PlyCount "54"]
[EventDate "2000.12.17"]
[EventType "tourn"]
[EventRounds "11"]
[EventCountry "ISR"]
[EventCategory "11"]
[SourceTitle "CBM 081"]
[Source "ChessBase"]
[SourceDate "2001.03.20"]
[SourceVersion "1"]
[SourceVersionDate "2001.03.20"]
[SourceQuality "1"]

1. e4 c5 2. c3 Nf6 3. e5 Nd5 4. d4 Nc6 5. Nf3 cxd4 6. cxd4 d6 7. Bc4 Nb6 8. Bb5
dxe5 9. Nxe5 Bd7 10. Nxd7 Qxd7 11. Nc3 {This line has a reputation to be
drawish and the present game confirms it one more time.} Rd8 {Probably the
most accurate move, although 11. ... e6 leads to equal position as well.} (
11... a6 $6 12. Bxc6 Qxc6 13. d5 Qd6 14. Be3 Rd8 15. Bxb6 Qxb6 16. O-O e5 17.
Re1 Bd6 18. Qa4+ Rd7 19. Rac1 f6 20. Ne4 Ke7 21. Ng3 Rhd8 22. Qh4 h6 23. Qg4
Kf8 24. Nf5 Bc5 25. Re2 Rc7 26. Rd1 Qb5 27. d6 g6 28. Red2 Bxf2+ 29. Kxf2 gxf5
30. dxc7 {1-0 Mukhametov,E-Kozhevin,S/Katowice 1990/ (30)}) (11... e6 12. Qg4
h5 13. Qf3 a6 14. Bxc6 Qxc6 15. Qxc6+ bxc6 $11 {1/2-1/2 Sveshnikov,E-Sakaev,K/
Vrnjacka Banja 1999/ (19)}) 12. O-O (12. Qf3 a6 13. Bxc6 Qxc6 14. Qxc6+ bxc6
15. Be3 e6 16. Ke2 Be7 $11 {0-1 Godena,M-Atalik,S/Havana 1999/ (45)}) 12... e6
13. Bg5 {A new move, but it changes nothing - the position is equal. Probably
this was the goal of the last move - to make another step towards draw.} Be7
14. Bxe7 Qxe7 15. Bxc6+ bxc6 16. Qf3 {A clear intention to share the point.
Actually this is the drawback of the 2. c3 Nf6 system when playing Black
against weaker opponents - there are some lines which lead to a drawish
endgame almost by force.} O-O 17. Qxc6 Rxd4 18. Rad1 Rc4 19. Qd6 Qf6 {Trying
to keep Queens there, but it is a dead draw anyway.} 20. Rd3 Na4 {What else?
Sutovsky tries to attack a2 and b2-pawns.} 21. Nxa4 Rxa4 22. Ra3 Rd4 (22...
Rxa3 23. Qxa3 Qd4 24. Rc1 $11) 23. Qc7 Rd2 24. b4 Qd4 25. Rxa7 (25. Qxa7 Qxb4 {
same result, of course.}) 25... Qxb4 26. a4 Qb8 27. Rc1 Qxc7 1/2-1/2

[Event "ARM-chT"]
[Site "Yerevan"]
[Date "2007.03.18"]
[Round "5"]
[White "Khachatryan, Vahagn"]
[Black "Anastasian, Ashot"]
[Result "0-1"]
[WhiteElo "2315"]
[BlackElo "2587"]
[Annotator "Rogozenco,D"]
[PlyCount "76"]
[EventDate "2007.03.14"]
[EventType "team"]
[EventRounds "5"]
[EventCountry "ARM"]
[SourceTitle "CBM 118"]
[Source "ChessBase"]
[SourceDate "2007.05.31"]
[SourceVersion "1"]
[SourceVersionDate "2007.05.31"]
[SourceQuality "1"]

1. e4 c5 2. c3 Nf6 3. e5 Nd5 4. d4 cxd4 5. Nf3 Nc6 6. Bc4 Nb6 7. Bb3 d5 8. exd6
Qxd6 9. O-O d3 $5 {The reputation of this theoretical variation is bad, but as
we'll see things are not trivial for White.} (9... Be6 {is the main line}) 10.
Na3 Bf5 11. Nb5 Qd7 (11... Qd8 12. Bf4 Rc8 13. Nh4 Bg6 14. Nxg6 hxg6 15. Re1
$16 {1-0 Held,P (2255)-Hillenbrand,A/Schwaebisch Gmuend 1995 (55)}) 12. Bf4
O-O-O $1 {An amazing idea, played already in several little-known games before.
} ({The theory is based on the following game:} 12... Rc8 13. Nxa7 $1 Nxa7 14.
Ne5 Qb5 15. Nxf7 $18 {1-0 Schmittdiel,E (2430)-Gutman,L (2530)/Lugano 1987 (33)
}) 13. Bc7 {White has also other options.} (13. a4 f6 14. Bc7 e5 15. a5 Nd5 16.
Bxd8 Kxd8 17. a6 Nf4 18. axb7 Qxb7 $13 {1/2-1/2 Schmidt,W (2340)-Scheckenbach,
F (2095)/Bayern 1999 (29)}) (13. Be3 Nd5 14. Nxa7+ Nxa7 15. Bxa7 $13 {1/2-1/2
Absmaier,F (2106)-Scheckenbach,F (2078)/Bayern 2004 (43)}) 13... e5 $1 $146 (
13... Re8 $2 14. Bxf7 $18 {1-0 Stankovic,M (2225)-Dimitrijevic,A (2115)/Herceg
Novi 2001 (33)}) 14. Bxd8 Qxd8 15. Bxf7 (15. Nxa7+ $5 {A completely unexpected
computer suggestion, which under the circumstances might indeed be the best
continuation for White:} Nxa7 16. Nxe5 Bg6 17. Nxf7 Bxf7 18. Bxf7 {followed by
a quick march of the a-pawn. It is not clear if Black has time to coordinate
his pieces.}) 15... a6 {Now Black has good compensation for the exchange.} 16.
Na3 e4 17. Nd2 Qf6 18. Nac4 Nxc4 19. Bxc4 Bd6 20. Re1 Qh6 21. g3 $2 ({
Necessary was} 21. h3 {and although Black's attack looks very dangerous, White
can defend against direct threats. The most likely outcome is an equal endgame:
} Bxh3 {Due to the weakness of pawn e4 this sacrifice looks rather forced} (
21... Qf4 22. g3 Qh6 23. Nxe4 $18) (21... Re8 22. Nxe4 Bxe4 23. Qg4+ Kc7 24.
Rxe4 $18) 22. gxh3 Qxh3 23. Nf1 Re8 $1 ({weaker is} 23... Ne5 24. Re3 Qh4 25.
Ng3) 24. Re3 (24. Bxd3 Re5 $1) 24... Qh4 25. Ng3 (25. Bxd3 $2 Rf8 $1) 25...
Bxg3 $1 (25... Re5 26. Bxd3 exd3 27. Qxd3 $16) (25... Bf4 26. Qh5 $1 Qxh5 27.
Nxh5 Bxe3 28. fxe3 $16) 26. Rxg3 ({or} 26. fxg3 Qg5 27. Qe1 Qc5 28. b3 (28. Bb3
Ne5 29. Kg2 Ng4 30. Rxd3 Qh5 31. Qh1 Qxh1+ 32. Rxh1 exd3 $17) 28... Ne5 29. Kg2
Ng4 30. Rxd3 (30. Rxe4 Qc6 31. Bxd3 Nf6 32. Kf3 Nxe4 ({the same is true of} 
32... h5 33. Qe3 Nxe4 34. Bxe4 Rxe4 35. Qxe4 Qxc3+ 36. Kf4 Qxa1 37. Qe6+ $11)
33. Bxe4 Rxe4 34. Qxe4 Qxc3+ 35. Kf4 Qxa1 36. Qe6+ $11) 30... Qh5 31. Qh1 Qxh1+
32. Rxh1 exd3 33. Bxd3 Nf6 $11) 26... e3 {[%cal Gh4c4]} 27. Qg4+ (27. Bxd3
exf2+ 28. Kg2 (28. Kxf2 Qh2+ $19) 28... Re1 29. Qxe1 fxe1=Q 30. Rxe1 g6 $17)
27... Qxg4 28. Rxg4 e2 29. Bxd3 e1=Q+ 30. Rxe1 Rxe1+ 31. Kg2 g6 $11) 21... Ne5
$19 22. Nxe4 (22. Rxe4 {also loses by force:} Qxd2 $1 ({but not} 22... Bxe4 $2
23. Nxe4 Nxc4 24. Qxd3 $18) 23. Qxd2 Nf3+ 24. Kg2 Nxd2 25. Be6+ Bxe6 26. Rxe6
Nc4 27. b3 (27. Rd1 Nxb2 28. Rd2 Ba3 $19) 27... Kd7 28. Re4 Nb2 29. Rd4 Re8 30.
Kf3 (30. Rb1 Re2 31. Kf3 (31. Kf1 Rc2 32. Ke1 Kc6 $19 {[%cal Gd6e5]}) 31... Rc2
{[%cal Gd3d2]} 32. Ke3 Kc6 $19 {[%cal Gd6c5]}) 30... Kc6 31. Rb1 Ba3 32. h3 Re5
{White is practically in zugzwang:} 33. h4 (33. b4 b5 34. h4 h5 35. Rh1 Rd5 36.
Ke3 Rxd4 37. cxd4 Bxb4 $19) 33... Rc5 (33... h5 $19) 34. c4 Rf5+ 35. Ke3 Re5+
36. Kf3 Bc5 37. Rd5 Re2 $19) 22... Bg4 23. Nxd6+ Qxd6 24. Qxg4+ (24. Qb3 Nf3+
25. Kg2 Nxe1+ 26. Rxe1 d2 $19) 24... Nxg4 25. Be6+ Kb8 26. Bxg4 Qg6 $19 27. Bf3
d2 28. Re4 Re8 $1 29. Rxe8+ Qxe8 30. Rd1 Qe1+ 31. Kg2 b5 {White is in zugzwang
and Black penetrates with the king.} 32. Bg4 (32. h4 Kc7 33. a3 Kd6 34. b3 Kc5
35. g4 a5 {[%cal Ga5a4]}) 32... Kc7 33. f4 Kd6 34. Bf3 Kc5 35. b3 a5 36. g4 b4
37. c4 Kd4 38. c5 Ke3 0-1

[Event "Reykjavik Hrokurinn"]
[Site "Reykjavik"]
[Date "2003.02.25"]
[Round "7"]
[White "Kristjansson, Stefan"]
[Black "Stefansson, Hannes"]
[Result "1/2-1/2"]
[WhiteElo "2432"]
[BlackElo "2569"]
[Annotator "Rogozenco,D"]
[PlyCount "152"]
[EventDate "2003.02.18"]
[EventType "tourn"]
[EventRounds "9"]
[EventCountry "ISL"]
[EventCategory "15"]
[SourceTitle "CBM 094"]
[Source "ChessBase"]
[SourceDate "2003.05.26"]
[SourceVersion "1"]
[SourceVersionDate "2003.05.26"]
[SourceQuality "1"]

1. e4 c5 2. c3 Nf6 3. e5 Nd5 4. d4 cxd4 5. Nf3 Nc6 6. cxd4 d6 7. Bc4 Nb6 8. Bb5
dxe5 9. Nxe5 Bd7 10. Nxd7 Qxd7 11. Nc3 e6 (11... Rd8 12. O-O e6 {see 12...Rd8.}
(12... Qxd4 $6 13. Qb3 $44)) 12. O-O (12. Qg4 h5 $13) 12... Be7 (12... Rd8 $5 {
This is in my opinion the most precise continuation, in order to prevent
White's main idea in this line - Qg4.} 13. a4 {After other moves Black also
solves all opening problems:} (13. Be3 Be7 14. Qg4 O-O) (13. Qg4 Qxd4 14. Qf3
Nd5 15. Rd1 Qe5 {White's compensation must be enough to regain the pawn, with
equal position.}) (13. Bg5 Be7 14. Bxe7 Qxe7 $11) 13... Be7 (13... a6 {is less
clear, since after} 14. Bxc6 Qxc6 15. Bg5 f6 16. Be3 {White succeeded to
weaken Black's pawn structure in Potkin-Atakisi, Batumi 2002.}) 14. a5 (14. Qg4
O-O $11) 14... Nd5 15. a6 Nc7 $1 $11) 13. Qg4 O-O 14. Bxc6 bxc6 (14... Qxc6 15.
Bh6 Bf6 16. Rfd1 {In this position Black still has to fight for equality,
since White's pieces contain good attacking potential. The text move 14...bxc6
leads to a position very close to equal, in which Black's chances are slightly
inferior, though. The present game is a good example in this respect.}) 15. Bh6
Bf6 16. Rfd1 Kh8 17. Ne4 Qd8 {That is the difference comparing to 14...Qxc6.
From d7 the queen can quicker contribute to the defence of kingside.} 18. Bg5 (
18. Nxf6 Qxf6 19. Bg5 Qg6 $11) 18... Bxg5 19. Nxg5 h6 20. Nf3 Nd7 (20... Rc8
21. Rac1 (21. Ne5 $142 $11 {/+/=}) 21... c5 $1 22. dxc5 $140 Rxc5 $11) 21. Rd2
(21. Rac1 Qa5 22. a3 (22. Rxc6 Qxa2) 22... Rab8 (22... c5 23. dxc5 Nxc5 24. b4
Qa4 25. Ne5 $16) 23. Rc2 Qd5 {[%cal Gc6c5]} (23... Rb3 $5) 24. Rdc1 Qa2 $1 $132
) 21... Qa5 22. Qf4 Qd5 23. a3 Rab8 24. h3 Rb7 (24... Rb6 $5) 25. Rc1 Kg8 26.
Ne5 $1 (26. b4 a5 $11) 26... Nxe5 27. dxe5 Qa2 28. Rxc6 Rxb2 29. Rd7 $1 {
White succeeded to keep the initiative. His efforts will payback and he will
reach a rook endgame with a pawn up, which is quite unpleasant for Black.} Re2
$1 ({Black doesn't fall into the trap:} 29... Qxa3 $2 30. Rc8 $1 {[%csl Rf7]}
Kh7 $8 31. Rxf8 Qxf8 32. Rxf7 $16 {/+-}) 30. Rc8 (30. Rxa7 Qa1+ 31. Kh2 Qxe5
32. Qxe5 Rxe5 33. Rcc7 (33. g4 g5 34. Rcc7 Re4 35. a4 Rf4 36. Kg3 Rd8 $11)
33... Rf5 34. f3 Rd8 $11) 30... Qa1+ 31. Kh2 Qxe5 32. Rxf8+ Kxf8 33. Rxf7+ Kg8
34. Qxe5 Rxe5 35. Rxa7 $16 Re2 36. Kg3 Ra2 37. h4 (37. a4 $5) 37... h5 38. Ra5
{White goes for the wrong endgame. He had to keep his a-pawn and try to come
with the king to the queenside.} (38. Kf3 Kh7 39. Ra6 $5 {White's chances to
win are "fifty-fifty". White plans g3, Ke3, then push the pawn a-pawn to a6,
then go with the king to support a-pawn. Black will take the f-pawn with the
rook in that case, which will probably give him enough for a draw, but anyway
here White's chances are higher than in the game. Another possible plan for
White is to keep the pawn on a3 for a while, play Ke3, g3, f3, Kf4 and then
either Kg5 or g4. In any case Black's defence is far from trivial.} (39. Ke3
Kg6 40. g3 $16)) 38... Kf7 39. Rxh5 Rxa3+ 40. f3 {Now this is a draw. White
can try to win, of course, but Black is able to defend. His isolated pawns are
only apparently weak, since the king easily protects them.} Ra4 41. Rb5 Kf6 42.
f4 Ra3+ 43. Kg4 g6 44. h5 gxh5+ 45. Rxh5 Kg6 46. Re5 Kf6 47. Kh4 Ra4 48. g3 Rb4
49. Re3 Ra4 50. Kg4 Ra1 51. Kf3 Rf1+ 52. Kg2 Ra1 53. g4 Rb1 54. Kf3 Ra1 55. g5+
Kf7 56. Re2 Ra3+ 57. Re3 Ra4 58. Rb3 Ra1 59. Rb2 Rf1+ 60. Rf2 Rg1 61. Re2 Rf1+
62. Ke4 Ra1 {All White's efforts are in vain.} 63. Rh2 Re1+ 64. Kf3 Kg7 65. Re2
Rf1+ 66. Kg3 Kf7 67. Re5 Rg1+ 68. Kf2 Rg4 69. Kf3 Rg1 70. Ra5 Rb1 71. Ra7+ Kg6
72. Re7 Re1 73. Re8 Kf7 74. Rh8 Kg7 75. Rh6 Kf7 76. Rf6+ Kg7 1/2-1/2